| 000 | 00746nam a2200241Ia 4500 | ||
|---|---|---|---|
| 008 | 160803s9999 xx 000 0 und d | ||
| 020 | _a978-0439114936 | ||
| 100 | _aMoore, Eve | ||
| 245 | _aSpace explorers / | ||
| 245 | _cwritten by Eva Moore ; illustrations by Ted Enik. | ||
| 260 | _aNew York : | ||
| 260 | _bScholastic Inc. | ||
| 260 | _c2000 | ||
| 300 | _a76 pages : | ||
| 300 | _billustrations ; | ||
| 300 | _c20 cm. | ||
| 440 | _aThe Magic school bus : a science chapter book ; | ||
| 440 | _v#4 | ||
| 500 | _a"Based on The Magic School Bus books written by Joanna Cole and illustrated by Bruce Degen."--Title page verso. | ||
| 650 | _aOuter space -- Exploration -- | ||
| 650 | _xJuvenile fiction. | ||
| 700 | _a560 | ||
| 999 |
_c298540 _d298540 |
||